000 00718cam a2200253 4500
001 M1720
008 090401t1995 xxu||||| |||| 00| 0 eng d
035 _a(Sirsi) u33960
041 _aeng
050 _a697.8
100 _aWelsh, P.A.
245 _aFlow resistance and wind performance of some common ventilation terminals.
260 _aGarston, Watford
_bBuilding Research Establishment
_c1995
300 _a(3)p. : ill. ; 30cm.
350 _a0
490 _aBRE Information Paper
_v6/95
650 _aCHIMNEYS
650 _aEXHAUSTS
650 _aFLOW RESISTANCE
690 _aBUILT ENVIRONMENT-CONSTRUCTION DESIGN
710 _aBuilding Research Establishment
942 _n0
948 _c04/03/1997
999 _c89886
_d89886